<?xml version="1.0" encoding="UTF-8"?>
<record
    xmlns:xsi="http://www.w3.org/2001/XMLSchema-instance"
    xsi:schemaLocation="http://www.loc.gov/MARC21/slim http://www.loc.gov/standards/marcxml/schema/MARC21slim.xsd"
    xmlns="http://www.loc.gov/MARC21/slim">

  <leader>00324nam a2200133Ia 4500</leader>
  <controlfield tag="008">191201s2012    xx            000 0 und d</controlfield>
  <datafield tag="100" ind1=" " ind2=" ">
    <subfield code="a">BOOCH, Grady</subfield>
  </datafield>
  <datafield tag="245" ind1=" " ind2="0">
    <subfield code="a">Unified Modeling Language User Guide</subfield>
  </datafield>
  <datafield tag="250" ind1=" " ind2=" ">
    <subfield code="a">12 IMP</subfield>
  </datafield>
  <datafield tag="260" ind1=" " ind2=" ">
    <subfield code="a">New Delhi</subfield>
    <subfield code="b">Pearson</subfield>
    <subfield code="c">2012</subfield>
  </datafield>
  <datafield tag="300" ind1=" " ind2=" ">
    <subfield code="a">504</subfield>
  </datafield>
  <datafield tag="650" ind1=" " ind2=" ">
    <subfield code="a">M.Tech(CSE)</subfield>
  </datafield>
  <datafield tag="942" ind1=" " ind2=" ">
    <subfield code="2">ddc</subfield>
    <subfield code="c">BK</subfield>
  </datafield>
  <datafield tag="999" ind1=" " ind2=" ">
    <subfield code="c">5979</subfield>
    <subfield code="d">5979</subfield>
  </datafield>
  <datafield tag="952" ind1=" " ind2=" ">
    <subfield code="0">0</subfield>
    <subfield code="1">0</subfield>
    <subfield code="2">ddc</subfield>
    <subfield code="4">0</subfield>
    <subfield code="7">0</subfield>
    <subfield code="8">BTECHCSE</subfield>
    <subfield code="a">PIET</subfield>
    <subfield code="b">PIET</subfield>
    <subfield code="d">2014-08-07</subfield>
    <subfield code="e">Orange Books International</subfield>
    <subfield code="g">825.00</subfield>
    <subfield code="k">4580</subfield>
    <subfield code="l">0</subfield>
    <subfield code="o">005.133 BOU</subfield>
    <subfield code="p">24711</subfield>
    <subfield code="r">2019-12-04 00:00:00</subfield>
    <subfield code="v">577.50</subfield>
    <subfield code="w">2014-07-31</subfield>
    <subfield code="y">BK</subfield>
  </datafield>
  <datafield tag="952" ind1=" " ind2=" ">
    <subfield code="0">0</subfield>
    <subfield code="1">0</subfield>
    <subfield code="2">ddc</subfield>
    <subfield code="4">0</subfield>
    <subfield code="7">0</subfield>
    <subfield code="8">BTECHCSE</subfield>
    <subfield code="a">PIET</subfield>
    <subfield code="b">PIET</subfield>
    <subfield code="d">2014-08-07</subfield>
    <subfield code="e">Orange Books International</subfield>
    <subfield code="g">825.00</subfield>
    <subfield code="k">4580</subfield>
    <subfield code="l">1</subfield>
    <subfield code="o">005.133 BOU</subfield>
    <subfield code="p">24712</subfield>
    <subfield code="r">2023-12-22 00:00:00</subfield>
    <subfield code="s">2023-12-11</subfield>
    <subfield code="v">577.50</subfield>
    <subfield code="w">2014-07-31</subfield>
    <subfield code="y">BK</subfield>
  </datafield>
  <datafield tag="952" ind1=" " ind2=" ">
    <subfield code="0">0</subfield>
    <subfield code="1">0</subfield>
    <subfield code="2">ddc</subfield>
    <subfield code="4">0</subfield>
    <subfield code="7">0</subfield>
    <subfield code="8">BTECHCSE</subfield>
    <subfield code="a">PIET</subfield>
    <subfield code="b">PIET</subfield>
    <subfield code="d">2014-08-07</subfield>
    <subfield code="e">Orange Books International</subfield>
    <subfield code="g">825.00</subfield>
    <subfield code="k">4580</subfield>
    <subfield code="l">0</subfield>
    <subfield code="o">005.133 BOU</subfield>
    <subfield code="p">24713</subfield>
    <subfield code="r">2019-12-04 00:00:00</subfield>
    <subfield code="v">577.50</subfield>
    <subfield code="w">2014-07-31</subfield>
    <subfield code="y">BK</subfield>
  </datafield>
  <datafield tag="952" ind1=" " ind2=" ">
    <subfield code="0">0</subfield>
    <subfield code="1">0</subfield>
    <subfield code="2">ddc</subfield>
    <subfield code="4">0</subfield>
    <subfield code="7">0</subfield>
    <subfield code="8">BTECHCSE</subfield>
    <subfield code="a">PIET</subfield>
    <subfield code="b">PIET</subfield>
    <subfield code="d">2014-08-07</subfield>
    <subfield code="e">Orange Books International</subfield>
    <subfield code="g">825.00</subfield>
    <subfield code="k">4580</subfield>
    <subfield code="l">0</subfield>
    <subfield code="o">005.133 BOU</subfield>
    <subfield code="p">24714</subfield>
    <subfield code="r">2019-12-04 00:00:00</subfield>
    <subfield code="v">577.50</subfield>
    <subfield code="w">2014-07-31</subfield>
    <subfield code="y">BK</subfield>
  </datafield>
</record>
